GIS : geographic information systems for the social sciences : investigating space and place

Αποθηκεύτηκε σε:
Λεπτομέρειες βιβλιογραφικής εγγραφής
Κύριος συγγραφέας: Steinberg, Steven J.
Άλλοι συγγραφείς: Steinberg, Sheila L.
Μορφή: Βιβλίο
Γλώσσα:English
Δημοσίευση: Thousand Oaks, Calif. : Sage, c2006
Θέματα:
Ετικέτες: Προσθήκη ετικέτας
Δεν υπάρχουν, Καταχωρήστε ετικέτα πρώτοι!

MARC

LEADER 00000nam a2200000 i 4500
001 1/47028
008 070629s2006 eng d
020 |a 0-7619-2872-3 (hbk.) 
020 |a 0-7619-2873-1 (pbk.) 
035 |l 10088532 
040 |a GR-MY-UA  |b gre  |e aacr 
041 0 |a eng 
082 0 |a 300.285  |2 (22) 
100 1 |a Steinberg, Steven J. 
245 1 0 |a GIS :  |b geographic information systems for the social sciences : investigating space and place /  |c Steven J. Steinberg, Sheila L. Steinberg 
260 |a Thousand Oaks, Calif. :   |b Sage,   |c c2006 
300 |a xx, 252 σ.;  |b εικ., χάρτες;  |c 26 εκ. 
504 |a Περιέχει βιβλιογραφία (σ. 243-244) και ευρετήριο 
650 0 0 |a Social sciences  |x Research  |x Methodology. 
650 0 0 |a Geographic information systems. 
650 0 0 |a Spatial analysis (Statistics) 
700 1 |a Steinberg, Sheila L. 
852 |a INST  |b LESVOS  |e 20070710  |h 300.285 STE  |p 005100037821  |q 005100037821  |t BK  |y 0 
852 |a INST  |b LESVOS  |e 20070629  |h 300.285 STE  |p 005100037989  |q 005100037989  |t BK  |y 0 
852 |a INST  |b LESVOS  |e 20090327  |h 300.285 STE  |p 005100044673  |q 005100044673  |t BK  |y 0 
901 |a BIBL1-2007-2 
901 |a BIBL1-2009-1 
909 |a Λ  |b 135397 
909 |a Λ  |b 135943 
909 |a Λ  |b 156285 
922 |a 1ΕΛΗ  |b 200706  |c ΕΠΕΑΕΚ2/ΤΓ  |d ΠΑΠΑΣΩΤΗΡΙΟΥ 
922 |a 1ΕΛΗ  |b 200706  |c ΕΠΕΑΕΚ2/ΤΓ  |d ΕΛΕΥΘΕΡΟΥΔΑΚΗΣ 
922 |a 1ΕΛΗ  |b 200811  |c ΕΠΕΑΕΚ2/ΤΓ  |d ΜΙΧΑΛΟΠΟΥΛΟΣ 
970 |a ΚΑΡΑ  |b ΓΙΑΣΕΜΗ  |z 2007/06/29